000
00272nam a2200097Ia 4500
008
220204s9999 xx 000 0 und d
082
_a
339.18(493)
_b
ECO
245
0
_a
Economics and commercial reports: Belgium
260
_a
New Delhi
_b
Ministry of Commerce
_c
1968
942
_c
BK
999
_c
22177
_d
22177